Statistiken für Ist dein Englisch gut?- Ein sprachtest

Klicken Sie hier um das Quiz zu spielen!

Allgemein

  • Dieses Quiz wurde 1.041 mal gespielt
  • Das Durchschnittsergebnis liegt bei 9 aus 10

Antwortstatistiken

FrageAntwort% Korrekt
Wählen Sie "Castle."
98%
That banana is not mine. It is...yours
98%
These pants ___ good.are
97%
Ich werde ein essen beschreiben. Sag mir, was es ist. It is usually brownish-tan and you use it to make a sandwich. Sometimes you also put it in the toaster and eat it with butter or jelly.Bread
97%
Wählen Sie "Board game."
95%
It is not a human. It is ___ animal.an
95%
The cat ___ my food. (Vergangenheitsform)ate
95%
Oh, he loved to ___ video games!play
92%
I love them! ___ the best!they're
92%
I would like to know...what the weather is like
76%

Verteilung der Resultate

Perzentil nach korrekt beantworteten Fragen

Anzahl Personen mit jedem Resultat

Ihre Resultats-Entwicklung

Sie haben dieses Quiz noch nicht gespielt